| 000 | 00874nac a22002651i 4500 | ||
|---|---|---|---|
| 003 | EG-ScBUE | ||
| 005 | 20230717130119.0 | ||
| 008 | 230717s1989 nyua f 001 0 eng d | ||
| 020 | _a0792450906 | ||
| 020 | _a9780792450900 | ||
| 040 |
_aEG-ScBUE _beng _erda _cEG-ScBUE _dEG-ScBUE |
||
| 082 | 0 | 4 |
_a902.02 _bCHR _222 |
| 245 | 0 | 0 |
_aChronicle of 20th century history / _cGeneral editor John S. Bowman. |
| 264 | 1 |
_aNew York, NY : _bMallard Press, _c1989. |
|
| 300 |
_a256 pages : _billustrations (some color) ; _c37 cm |
||
| 336 |
_2rdacontent _atext _btxt |
||
| 337 |
_2rdamedia _aunmediated _bn |
||
| 338 |
_2rdacarrier _avolume _bnc |
||
| 500 | _aIncludes index. | ||
| 650 | 7 |
_aChronology, Historical _y20th century. _2BUEsh |
|
| 650 | 7 |
_aHistory, Modern _y20th century. _2BUEsh |
|
| 655 | _vReading book | ||
| 700 | 1 |
_aBowman, John Stewart _d1931- _eeditor. |
|
| 942 |
_cNB _2ddc |
||
| 999 |
_c9370 _d9370 |
||